[Event "XLVI Festival A"]
[Site "Imperia ITA"]
[Date "2004.09.12"]
[Round "9"]
[White "Giordani, Marco"]
[Black "Biolek, Richard jr"]
[WhiteElo "2156"]
[BlackElo "2076"]
[Result "1/2-1/2"]
[PlyCount "54"]
[EventDate "2004.09.05"]

1. d4 d5 2. c4 e6 3. Nc3 c5 4. cxd5 cxd4 5. Qxd4 Nc6 6. Qd1 exd5 7. Qxd5 Bd7 8.
Nf3 Nf6 9. Qd1 Bc5 10. e3 Qe7 11. Be2 O-O-O 12. a3 Bh3 13. Qa4 Bxg2 14. Rg1
Bxf3 15. Bxf3 Nd4 16. Bh1 Qe6 17. Rg5 Bb6 18. Nb5 Nxb5 19. Qxb5 Qd6 20. Bf3
Rhe8 21. Rxg7 Re5 22. Qe2 Re7 23. Bd2 Rc7 24. Rc1 Rxc1+ 25. Bxc1 Rd7 26. Bd2
Rc7 27. Bc3 Ba5 1/2-1/2

[Event "XLVI Festival A"]
[Site "Imperia ITA"]
[Date "2004.09.12"]
[Round "9"]
[White "Jurek, Josef"]
[Black "Voloshin, Leonid"]
[WhiteElo "2387"]
[BlackElo "2494"]
[Result "1/2-1/2"]
[PlyCount "36"]
[EventDate "2004.09.05"]

1. d4 Nf6 2. c4 e6 3. Nf3 b6 4. g3 Bb7 5. Bg2 Be7 6. O-O O-O 7. Re1 Qc8 8. Nc3
Ne4 9. Bd2 c5 10. d5 exd5 11. cxd5 Nxd2 12. Qxd2 d6 13. e4 Nd7 14. Bh3 Qd8 15.
Qf4 a6 16. Rad1 f6 17. Be6+ Kh8 18. Qe3 Ne5 1/2-1/2

[Event "XLVI Festival A"]
[Site "Imperia ITA"]
[Date "2004.09.12"]
[Round "9"]
[White "Kalod, Radek"]
[Black "Mozny, Milos"]
[WhiteElo "2461"]
[BlackElo "2376"]
[Result "1-0"]
[PlyCount "51"]
[EventDate "2004.09.05"]

1. e4 c5 2. Nf3 d6 3. d4 cxd4 4. Nxd4 Nf6 5. Nc3 e6 6. Be3 Be7 7. g4 h6 8. Bg2
a6 9. h3 Qc7 10. Qe2 Bd7 11. O-O-O Nc6 12. f4 Nxd4 13. Bxd4 Bc6 14. Rhe1 b5 15.
e5 dxe5 16. Bxe5 Qb7 17. Bxc6+ Qxc6 18. g5 hxg5 19. fxg5 Nd7 20. Bxg7 Bxg5+ 21.
Kb1 Rh4 22. Ne4 Be7 23. Qg2 Rc8 24. Be5 Qxc2+ 25. Qxc2 Rxc2 26. Rxd7 1-0

[Event "XLVI Festival A"]
[Site "Imperia ITA"]
[Date "2004.09.12"]
[Round "9"]
[White "Likavsky, Tomas"]
[Black "Biolek, Richard sr"]
[WhiteElo "2482"]
[BlackElo "2451"]
[Result "1-0"]
[PlyCount "147"]
[EventDate "2004.09.05"]

1. Nf3 Nf6 2. c4 e6 3. Nc3 d5 4. d4 Bb4 5. e3 O-O 6. Bd3 c5 7. O-O cxd4 8. exd4
dxc4 9. Bxc4 Nbd7 10. Bg5 Be7 11. Re1 Nb6 12. Bb3 Bd7 13. Qd3 Bc6 14. Ne5 Nfd5
15. Bc2 g6 16. Bh6 Nb4 17. Qe2 Nxc2 18. Qxc2 Re8 19. Nxc6 bxc6 20. Rad1 Nd5 21.
Ne4 Qa5 22. a3 Rab8 23. Re2 Red8 24. Rc1 Qb5 25. g3 Nf6 26. Bg5 Kg7 27. Bf4
Nxe4 28. Bxb8 Ng5 29. Be5+ f6 30. h4 Nf3+ 31. Kg2 Rxd4 32. Bxd4 Nxd4 33. Qe4
Nxe2 34. Rc2 Qd5 35. Rxe2 Kf7 36. Kh2 h5 37. Qc2 c5 38. Re4 f5 39. Ra4 Qb7 40.
b3 a6 41. Kg1 Qb6 42. Qd3 a5 43. Rc4 Qc6 44. Rc2 f4 45. Kh2 Qd5 46. Rd2 Qe5 47.
Kg2 Kf6 48. Kf3 g5 49. hxg5+ Qxg5 50. gxf4 Qg4+ 51. Ke3 Qh3+ 52. Ke2 Qg4+ 53.
Qf3 Qf5 54. Kf1 h4 55. Kg2 Bf8 56. Qc3+ Kf7 57. Qe5 Qg4+ 58. Kf1 h3 59. Qg5
Qxg5 60. fxg5 c4 61. bxc4 Bxa3 62. Rd3 Bc5 63. Rxh3 a4 64. Rh7+ Kg6 65. Rh6+
Kxg5 66. Rxe6 Kf4 67. Rc6 Bb4 68. Rb6 Be7 69. Ke2 Ke5 70. Kd3 a3 71. Ra6 Bb4
72. Ra4 Be7 73. Ra5+ Ke6 74. Kc3 1-0

[Event "XLVI Festival A"]
[Site "Imperia ITA"]
[Date "2004.09.12"]
[Round "9"]
[White "Payen, Arnaud"]
[Black "Maier, Christian"]
[WhiteElo "2400"]
[BlackElo "2356"]
[Result "0-1"]
[PlyCount "68"]
[EventDate "2004.09.05"]

1. d4 Nf6 2. Nf3 e6 3. e3 b6 4. Bd3 Bb7 5. O-O c5 6. c4 a6 7. b3 Nc6 8. Bb2 d5
9. cxd5 exd5 10. Nc3 cxd4 11. exd4 Bd6 12. Re1+ Ne7 13. Ne5 O-O 14. Qf3 Rc8 15.
a3 Rc7 16. Rac1 Ng6 17. Na4 Re7 18. Nxg6 fxg6 19. Rxe7 Qxe7 20. Qe2 Qd8 21. Rf1
Bc8 22. Bc1 Qc7 23. h3 b5 24. Nc5 Bxc5 25. dxc5 Qxc5 26. Bb2 d4 27. Rc1 Qd5 28.
Qf3 Qxf3 29. gxf3 Bb7 30. a4 Bxf3 31. axb5 axb5 32. Bxb5 Rd8 33. Kf1 d3 34.
Bc4+ Kh8 0-1

[Event "XLVI Festival A"]
[Site "Imperia ITA"]
[Date "2004.09.12"]
[Round "9"]
[White "Pisk, Petr"]
[Black "Gentile, Claudio"]
[WhiteElo "2344"]
[BlackElo "2137"]
[Result "1-0"]
[PlyCount "83"]
[EventDate "2004.09.05"]

1. e4 e5 2. Nf3 Nc6 3. Bb5 a6 4. Ba4 Nf6 5. d3 b5 6. Bb3 Be7 7. Nc3 d6 8. a3
O-O 9. h3 Be6 10. Nd5 Nd4 11. Nxd4 exd4 12. Bd2 c6 13. Nxf6+ Bxf6 14. Bxe6 fxe6
15. Qg4 Qe7 16. a4 d5 17. O-O Rae8 18. axb5 axb5 19. Ra6 Qc5 20. Rc1 Rf7 21. b4
Qd6 22. Re1 dxe4 23. Qxe4 Rc7 24. Bf4 e5 25. Bd2 Qd7 26. Rea1 Qc8 27. R1a2 Qb7
28. Kf1 Rf8 29. f3 Rd8 30. Ke2 Kh8 31. Kd1 Kg8 32. Kc1 Kh8 33. Kb2 Rdc8 34. Kb1
Rd7 35. Qf5 Rcd8 36. g4 Rf8 37. g5 Be7 38. Qxe5 Rd5 39. Qg3 Rd7 40. g6 h6 41.
Bxh6 Qc7 42. Qg4 1-0

[Event "XLVI Festival A"]
[Site "Imperia ITA"]
[Date "2004.09.12"]
[Round "9"]
[White "Raineri, Valerio"]
[Black "Malano, Francesco"]
[WhiteElo "2197"]
[BlackElo "2068"]
[Result "1/2-1/2"]
[PlyCount "65"]
[EventDate "2004.09.05"]

1. e4 c5 2. Nf3 g6 3. d4 cxd4 4. Nxd4 Bg7 5. Be3 Nf6 6. Nc3 Nc6 7. Bc4 Qa5 8.
O-O O-O 9. h3 d6 10. Qd2 Nxd4 11. Qxd4 Ng4 12. Qd5 Bxc3 13. hxg4 Qxd5 14. Bxd5
e6 15. bxc3 exd5 16. exd5 Bxg4 17. Rfb1 b6 18. a4 Be2 19. a5 b5 20. a6 Rfc8 21.
Bd4 Rc7 22. Rb4 Re8 23. Re1 Kf8 24. f3 f5 25. Kf2 Bc4 26. Rxe8+ Kxe8 27. g4
fxg4 28. fxg4 Kd7 29. Kg3 Bxd5 30. Rxb5 Bc4 31. Rb7 Bxa6 32. Rxc7+ Kxc7 33.
Bxa7 1/2-1/2

[Event "XLVI Festival A"]
[Site "Imperia ITA"]
[Date "2004.09.12"]
[Round "9"]
[White "Sarmir, Milos"]
[Black "Di Paolo, Raffaele"]
[WhiteElo "2153"]
[BlackElo "2321"]
[Result "0-1"]
[PlyCount "62"]
[EventDate "2004.09.05"]

1. e4 c5 2. Nf3 d6 3. d4 cxd4 4. Nxd4 Nf6 5. Bd3 g6 6. O-O Bg7 7. Kh1 O-O 8.
Nd2 b6 9. f4 Bb7 10. Qe2 Nbd7 11. N2b3 Qc7 12. c3 Rad8 13. Bd2 Nc5 14. Nxc5
dxc5 15. Nf3 Nh5 16. e5 Bh6 17. Ne1 c4 18. Bc2 f6 19. Be3 fxe5 20. f5 Bxe3 21.
Qxe3 Ng7 22. Nf3 Nxf5 23. Bxf5 Rxf5 24. Nh4 Rf6 25. Qg5 Rdf8 26. Rg1 Qd6 27.
Qh6 Rf4 28. h3 Qf6 29. Nf3 Rxf3 30. gxf3 Qxf3+ 31. Kh2 Qf2+ 0-1

[Event "XLVI Festival A"]
[Site "Imperia ITA"]
[Date "2004.09.12"]
[Round "9"]
[White "Schacher, Gerd"]
[Black "Simacek, Pavel"]
[WhiteElo "2246"]
[BlackElo "2439"]
[Result "0-1"]
[PlyCount "42"]
[EventDate "2004.09.05"]

1. c4 Nf6 2. Nc3 c5 3. Nf3 b6 4. g3 Bb7 5. Bg2 g6 6. O-O Bg7 7. d4 cxd4 8. Qxd4
O-O 9. Qh4 Re8 10. Rd1 d6 11. Bh6 Bh8 12. Rac1 Nbd7 13. e4 Rc8 14. e5 Bxf3 15.
Bxf3 Nxe5 16. Be2 Rxc4 17. Qg5 Qa8 18. Qd2 Nf3+ 19. Bxf3 Qxf3 20. Re1 Ng4 21.
Be3 Ne5 0-1

[Event "XLVI Festival A"]
[Site "Imperia ITA"]
[Date "2004.09.12"]
[Round "9"]
[White "Schwanengel, Ulrich"]
[Black "Pesout, Jan"]
[WhiteElo "2074"]
[BlackElo "2253"]
[Result "0-1"]
[PlyCount "106"]
[EventDate "2004.09.05"]

1. e4 d5 2. exd5 Nf6 3. d4 Nxd5 4. c4 Nb6 5. Nf3 c6 6. Be3 Bg4 7. h3 Bh5 8. g4
Bg6 9. Ne5 N8d7 10. Nxg6 hxg6 11. Bf4 e6 12. Nc3 Nf6 13. Be2 Qd7 14. Qd3 Be7
15. O-O-O Bd6 16. Qg3 Bxf4+ 17. Qxf4 O-O-O 18. b3 Qc7 19. Qxc7+ Kxc7 20. f4 Rd7
21. Rd2 Nc8 22. Bf3 Ne7 23. Bg2 a6 24. a4 b6 25. b4 Nc8 26. b5 Ne7 27. Kc2 Rhd8
28. Rhd1 Kb7 29. bxc6+ Nxc6 30. d5 exd5 31. cxd5 Nb4+ 32. Kb3 a5 33. d6+ Kb8
34. Nb5 Re8 35. Kc4 Ne4 36. Rd4 f5 37. Nc7 Nxd6+ 38. Rxd6 Rxc7+ 39. Kb5 Ka7 40.
Rxb6 Re2 41. Kxa5 Rxg2 42. Rxb4 fxg4 43. Rb5 gxh3 44. Rd6 Rb7 45. Re5 Rc2 46.
Rd8 h2 47. Rh8 Rf7 48. Ree8 Rc5+ 49. Kb4 Rh5 50. Rxh5 gxh5 51. Re1 Rxf4+ 52.
Kb5 Rh4 53. Rh1 g5 0-1

[Event "XLVI Festival A"]
[Site "Imperia ITA"]
[Date "2004.09.12"]
[Round "9"]
[White "Seigert, Frank"]
[Black "Jandecka, Tomas"]
[WhiteElo "2043"]
[BlackElo "2150"]
[Result "1/2-1/2"]
[PlyCount "65"]
[EventDate "2004.09.05"]

1. d4 c5 2. d5 e5 3. c4 d6 4. Nc3 f5 5. e4 Nf6 6. Bg5 Be7 7. Bxf6 Bxf6 8. Bd3
O-O 9. exf5 e4 10. Bxe4 Re8 11. Nge2 Bxc3+ 12. Nxc3 Bxf5 13. f3 Bxe4 14. Nxe4
Qh4+ 15. g3 Rxe4+ 16. fxe4 Qxe4+ 17. Qe2 Qxe2+ 18. Kxe2 Kf7 19. Rhf1+ Ke7 20.
Rae1 Nd7 21. Rf5 g6 22. Rf4 a6 23. Rh4 h5 24. g4 Ne5 25. gxh5 g5 26. Re4 Rh8
27. Rxe5+ dxe5 28. Kf3 Rxh5 29. Rxe5+ Kf6 30. Re6+ Kf5 31. Kg3 Rh4 32. b3 Rd4
33. Re8 1/2-1/2

[Event "XLVI Festival A"]
[Site "Imperia ITA"]
[Date "2004.09.12"]
[Round "9"]
[White "Taborsky, Rostislav"]
[Black "Fossati, Remigio"]
[WhiteElo "2278"]
[BlackElo "2104"]
[Result "0-1"]
[PlyCount "73"]
[EventDate "2004.09.05"]

1. e4 c5 2. Nf3 d6 3. d4 cxd4 4. Nxd4 Nf6 5. Nc3 g6 6. Bc4 Bg7 7. O-O Nc6 8.
Re1 O-O 9. Bb3 Nxd4 10. Qxd4 Be6 11. Qd3 Nd7 12. Bg5 Nc5 13. Qd2 Nxb3 14. axb3
Bxc3 15. bxc3 Qc7 16. c4 a5 17. Be3 Ra6 18. Bd4 f6 19. Re3 a4 20. Rae1 axb3 21.
cxb3 Rb8 22. f4 b5 23. e5 dxe5 24. fxe5 f5 25. c5 Rd8 26. Rd3 Qc6 27. Rd1 Qa8
28. Qh6 Ra2 29. Rg3 Qe4 30. Rxg6+ hxg6 31. Qxg6+ Kf8 32. Qh6+ Ke8 33. Qh8+ Kd7
34. Bf2+ Bd5 35. e6+ Kc6 36. Qg7 Qg4 37. Qxg4 0-1

[Event "XLVI Festival A"]
[Site "Imperia ITA"]
[Date "2004.09.12"]
[Round "9"]
[White "Vrana, Frantisek"]
[Black "Zanetti, Alberto"]
[WhiteElo "2275"]
[BlackElo "2191"]
[Result "1-0"]
[PlyCount "77"]
[EventDate "2004.09.05"]

1. e4 d5 2. exd5 c6 3. d4 cxd5 4. Bd3 Nc6 5. c3 Nf6 6. Bf4 e6 7. Nf3 Bd6 8. Bg5
Bd7 9. O-O Qc7 10. Re1 h6 11. Bh4 Nh5 12. Nbd2 g5 13. Bg3 Nf4 14. Bxf4 Bxf4 15.
Qe2 O-O-O 16. Nf1 f6 17. N3d2 h5 18. Nb3 e5 19. dxe5 fxe5 20. Bb5 e4 21. Bxc6
bxc6 22. Nc5 Bg4 23. Qa6+ Kb8 24. b4 Qb6 25. Qa4 h4 26. Rab1 Ka8 27. Ne3 Bc8
28. Nc2 Bd2 29. Red1 Bxc3 30. Nd4 Rh6 31. Qa3 Rf6 32. Qxc3 Rdf8 33. Rd2 g4 34.
a4 h3 35. a5 Qc7 36. Qg3 Qg7 37. b5 Rxf2 38. Nxc6 Bb7 39. Ne6 1-0

[Event "VI Festival A"]
[Site "Trieste ITA"]
[Date "2004.09.04"]
[Round "1"]
[White "Bednarich, Jan"]
[Black "Bevilacqua, Andrea"]
[Result "1-0"]
[WhiteElo "2198"]
[BlackElo "1736"]
[PlyCount "41"]
[EventDate "2004.09.04"]

1. Nf3 d5 2. d4 Bf5 3. g3 Nf6 4. Bg2 e6 5. O-O Bd6 6. c4 c6 7. Qb3 Qb6 8. Qa4
dxc4 9. Na3 Qd8 10. Nxc4 Bc7 11. Qb3 Qc8 12. Qa3 Qd8 13. Bf4 Bxf4 14. gxf4 Ne4
15. Nfe5 f6 16. Bxe4 fxe5 17. Nd6+ Kd7 18. Bxf5 exf5 19. Nf7 Qf6 20. Nxh8 exf4
21. Qb3 1-0

[Event "VI Festival A"]
[Site "Trieste ITA"]
[Date "2004.09.04"]
[Round "1"]
[White "Brecevich, Andrea"]
[Black "Toth, Andras"]
[Result "0-1"]
[WhiteElo "1897"]
[BlackElo "2082"]
[PlyCount "58"]
[EventDate "2004.09.04"]

1. e4 c5 2. Nf3 d6 3. d4 cxd4 4. Nxd4 Nf6 5. Nc3 a6 6. a4 Nc6 7. Be2 e6 8. O-O
Be7 9. Be3 O-O 10. Nb3 b6 11. f4 Bb7 12. Bf3 Nb4 13. Qe2 Rc8 14. Rac1 d5 15.
Rfd1 Rxc3 16. bxc3 Na2 17. Bd4 Nxc1 18. Rxc1 dxe4 19. Bxf6 exf3 20. Bxe7 Qxe7
21. gxf3 Rc8 22. Qe5 Bxf3 23. Kf2 Bd5 24. Rg1 Qh4+ 25. Ke3 g6 26. Nd2 Qxh2 27.
Rf1 Qg3+ 28. Nf3 Bxf3 29. Rxf3 Qe1+ 0-1

[Event "VI Festival A"]
[Site "Trieste ITA"]
[Date "2004.09.04"]
[Round "1"]
[White "Buzzurro, Mario"]
[Black "Laco, Giuseppe"]
[Result "1-0"]
[WhiteElo "1700"]
[BlackElo "2107"]
[PlyCount "113"]
[EventDate "2004.09.04"]

1. d4 d5 2. e3 g6 3. Nf3 Bg7 4. c4 c6 5. Nc3 Nf6 6. Bd2 O-O 7. c5 Nbd7 8. b4
Qc7 9. Rc1 h6 10. h3 Ne4 11. Be2 Nxd2 12. Nxd2 e5 13. Nb3 e4 14. a4 f5 15. g3
Nf6 16. b5 Be6 17. a5 a6 18. bxa6 bxa6 19. Na4 g5 20. Nb6 Ra7 21. Kd2 f4 22.
gxf4 gxf4 23. Qg1 f3 24. Bf1 Kh7 25. Na1 Rg8 26. Qh2 Qxh2 27. Rxh2 Ne8 28. Nc2
Bf6 29. Rh1 Bh4 30. Rh2 Rag7 31. Nb4 Nc7 32. Nxc6 Rg2 33. Bxg2 fxg2 34. Rg1
Bxh3 35. Ke1 Rg3 36. Nb4 Rxe3+ 37. Kd2 Bxf2 38. Rgxg2 Bxg2 39. Rxg2 Rb3 40.
N6xd5 Nxd5 41. Nxd5 Bxd4 42. Rg4 e3+ 43. Ke2 Rb2+ 44. Ke1 Be5 45. c6 Rc2 46. c7
Bc3+ 47. Kd1 e2+ 48. Kxc2 e1=Q 49. c8=Q Qd2+ 50. Kb3 Qd1+ 51. Kc4 Qf1+ 52. Kc5
Bg7 53. Qd7 Qf8+ 54. Kb6 h5 55. Qxg7+ Qxg7 56. Rxg7+ Kxg7 57. Nf4 1-0

[Event "VI Festival A"]
[Site "Trieste ITA"]
[Date "2004.09.04"]
[Round "1"]
[White "De Poi, Paolo"]
[Black "Grudina, Marco"]
[Result "1-0"]
[WhiteElo "2223"]
[BlackElo "1769"]
[PlyCount "67"]
[EventDate "2004.09.04"]

1. e4 e5 2. Nf3 Nc6 3. Bb5 a6 4. Bxc6 dxc6 5. d3 Bc5 6. O-O Bg4 7. h3 Bxf3 8.
Qxf3 Qf6 9. Nd2 O-O-O 10. Qg3 h6 11. Rb1 Ne7 12. b4 Ba7 13. Nc4 Ng6 14. a4 Rhe8
15. b5 cxb5 16. axb5 axb5 17. Rxb5 Bd4 18. Be3 Nf4 19. Kh2 c6 20. Ra5 g5 21.
Rb1 Kc7 22. Bxd4 Rxd4 23. Ra7 Rb8 24. Qe3 g4 25. c3 gxh3 26. cxd4 hxg2 27. Qg3
exd4 28. Na5 Kd6 29. Nxb7+ Rxb7 30. Rbxb7 Kc5 31. Ra5+ Kd6 32. e5+ Qxe5 33.
Rxe5 Kxe5 34. Rxf7 1-0

[Event "VI Festival A"]
[Site "Trieste ITA"]
[Date "2004.09.04"]
[Round "1"]
[White "Golubovic, Boris"]
[Black "Boldrin, Marco"]
[Result "1-0"]
[WhiteElo "2428"]
[BlackElo "1877"]
[PlyCount "75"]
[EventDate "2004.09.04"]

1. d4 Nf6 2. Nf3 e6 3. c4 c5 4. d5 exd5 5. cxd5 d6 6. Nc3 Bf5 7. e4 Bg4 8. Be2
Nbd7 9. O-O Be7 10. h3 Bxf3 11. Bxf3 O-O 12. g3 Ne5 13. Bg2 Re8 14. f4 Ng6 15.
Be3 Nd7 16. a4 Bf6 17. Qd2 a6 18. h4 Rb8 19. h5 Ngf8 20. Rac1 Qa5 21. h6 Ng6
22. hxg7 Bxg7 23. e5 b5 24. axb5 axb5 25. e6 Nf6 26. f5 Ne5 27. Bh6 Bxh6 28.
Qxh6 Qd8 29. Rf4 Qe7 30. Rcf1 Kh8 31. Qh4 Rb7 32. g4 Rg8 33. g5 Ne8 34. f6 Qc7
35. Be4 Rg6 36. Bxg6 Nxg6 37. Qh6 Nxf4 38. Qf8# 1-0

[Event "VI Festival A"]
[Site "Trieste ITA"]
[Date "2004.09.04"]
[Round "1"]
[White "Moratto, Davide"]
[Black "Nedimovic, Ljubisa"]
[Result "0-1"]
[WhiteElo "1759"]
[BlackElo "2200"]
[PlyCount "90"]
[EventDate "2004.09.04"]

1. e4 e6 2. d4 d5 3. Nc3 Bb4 4. Nge2 dxe4 5. a3 Be7 6. Nxe4 Nf6 7. N2g3 Nbd7 8.
Bc4 O-O 9. O-O b6 10. Bf4 Bb7 11. Re1 Nd5 12. Bd2 N7f6 13. Qe2 Qd7 14. c3 Rfd8
15. Rad1 a6 16. Bc1 Rf8 17. Bd3 b5 18. Nh5 g6 19. Nhxf6+ Nxf6 20. Nc5 Bxc5 21.
dxc5 Qc6 22. f3 Qxc5+ 23. Be3 Qh5 24. Qf2 e5 25. h3 Rad8 26. Be2 Qf5 27. Bf1
Nd5 28. Bd3 Qf6 29. Bc5 Nf4 30. Bc2 Qg5 31. Kh2 h5 32. Be3 Qf6 33. a4 Rxd1 34.
Rxd1 Bc6 35. axb5 axb5 36. Bb3 h4 37. Bc5 Nh5 38. Qe3 Ng3 39. Bd5 Bxd5 40. Rxd5
Nf1+ 41. Kg1 Nxe3 42. Bxe3 c6 43. Rd2 Rd8 44. Re2 Rd1+ 45. Kf2 Qf5 0-1

[Event "VI Festival A"]
[Site "Trieste ITA"]
[Date "2004.09.04"]
[Round "1"]
[White "Oblak, Mitja"]
[Black "Padjen, Zdenko"]
[Result "0-1"]
[WhiteElo "1556"]
[BlackElo "2099"]
[PlyCount "76"]
[EventDate "2004.09.04"]

1. d4 f5 2. c4 Nf6 3. Nc3 g6 4. Nf3 Bg7 5. e3 d6 6. b4 c5 7. bxc5 dxc5 8. Bb2
Na6 9. dxc5 Qa5 10. Qa4+ Qxa4 11. Nxa4 Bd7 12. Nc3 Ne4 13. Nd4 Nxc3 14. Bxc3
Nxc5 15. Nb5 Bxc3+ 16. Nxc3 O-O-O 17. Be2 Bc6 18. O-O Rd2 19. Rfd1 Rhd8 20. Kf1
Rc2 21. Rxd8+ Kxd8 22. Nb5 Bxg2+ 23. Ke1 a6 24. Nd4 Rb2 25. Rd1 Kc7 26. Rd2
Rxd2 27. Kxd2 e5 28. Nf3 Ne4+ 29. Ke1 Bxf3 30. Bxf3 Nc3 31. h4 e4 32. Be2 Kd6
33. Bd1 Nxd1 34. Kxd1 Kc5 35. Ke2 Kxc4 36. f3 Kc3 37. fxe4 fxe4 38. Kf2 Kd3 0-1

[Event "VI Festival A"]
[Site "Trieste ITA"]
[Date "2004.09.04"]
[Round "1"]
[White "Padovani, Alessio"]
[Black "Drazic, Sinisa"]
[Result "0-1"]
[WhiteElo "1912"]
[BlackElo "2461"]
[PlyCount "88"]
[EventDate "2004.09.04"]

1. c4 e5 2. g3 g6 3. Bg2 Bg7 4. Nc3 Ne7 5. d3 O-O 6. Nf3 c6 7. d4 d6 8. dxe5
dxe5 9. Qxd8 Rxd8 10. e4 Na6 11. Be3 Be6 12. b3 Nb4 13. Rd1 Nc2+ 14. Ke2 Nxe3
15. Kxe3 f6 16. Rxd8+ Rxd8 17. Rd1 Re8 18. Ne1 Nc8 19. f3 Bf8 20. Nc2 Nb6 21.
Bf1 a5 22. Bd3 h5 23. h4 Rd8 24. Bf1 Bc5+ 25. Ke2 Rxd1 26. Nxd1 Nxc4 27. bxc4
Bxc4+ 28. Ke1 Bxa2 29. Nde3 b5 30. Kd2 Bf7 31. Na1 Kf8 32. Bd3 Ke7 33. Nec2 Be6
34. Be2 Kd6 35. Ne3 Bb4+ 36. Kc2 a4 37. Nf1 Kc5 38. Kb2 Be1 39. Nc2 Bf2 40.
Nce3 b4 41. Nc2 b3 42. Nce3 Kb4 43. Kb1 a3 44. Kc1 Be1 0-1

[Event "VI Festival A"]
[Site "Trieste ITA"]
[Date "2004.09.04"]
[Round "1"]
[White "Pasquotto, Mirko"]
[Black "Videki, Sandor"]
[Result "0-1"]
[WhiteElo "1778"]
[BlackElo "2409"]
[PlyCount "96"]
[EventDate "2004.09.04"]

1. e4 c5 2. Nf3 d6 3. d4 cxd4 4. Nxd4 Nf6 5. Nc3 Nc6 6. Bg5 Bd7 7. f4 Qb6 8.
Nb3 Ng4 9. Qd2 Qe3+ 10. Qxe3 Nxe3 11. Kd2 Nxf1+ 12. Rhxf1 h6 13. Bh4 g5 14. Bg3
Bg7 15. Nd5 Rc8 16. c3 gxf4 17. Bxf4 Ne5 18. Ne3 Bb5 19. Bxe5 Bxe5 20. Rf5 h5
21. h3 e6 22. Rf2 Rg8 23. Nd4 Ba6 24. g4 hxg4 25. Nxg4 Rh8 26. Nxe5 dxe5 27.
Nf3 Rd8+ 28. Kc2 f6 29. Ne1 Ke7 30. Rf3 Rh4 31. Re3 Rdh8 32. Nd3 Bxd3+ 33. Rxd3
Rxh3 34. Rd2 Rh2 35. Rg1 Rxd2+ 36. Kxd2 Kf7 37. Rd1 f5 38. exf5 exf5 39. Kc2
Ke6 40. b4 Rh2+ 41. Kb3 f4 42. a4 f3 43. a5 e4 44. Kc4 Rh8 45. Re1 Ke5 46. b5
f2 47. Rf1 Rc8+ 48. Kb3 e3 0-1

[Event "VI Festival A"]
[Site "Trieste ITA"]
[Date "2004.09.04"]
[Round "1"]
[White "Pechy, Alaster"]
[Black "Plani, Andrea"]
[Result "1-0"]
[WhiteElo "2138"]
[BlackElo "1706"]
[PlyCount "83"]
[EventDate "2004.09.04"]

1. d4 d6 2. c4 Nf6 3. Nc3 g6 4. e4 Bg7 5. f3 Nc6 6. Nge2 e5 7. d5 Ne7 8. Be3 c6
9. Qd2 cxd5 10. cxd5 O-O 11. g4 h5 12. h3 Bd7 13. Bg5 Nh7 14. Be3 Nc8 15. O-O-O
h4 16. Kb1 g5 17. Nc1 Nb6 18. Bd3 Rc8 19. Nb3 Nc4 20. Bxc4 Rxc4 21. Rc1 a5 22.
Ne2 Bb5 23. Rxc4 Bxc4 24. Rc1 Bxe2 25. Qxe2 a4 26. Na1 Qd7 27. Bb6 Rc8 28.
Rxc8+ Qxc8 29. Qb5 Qa8 30. Nc2 Nf6 31. Na3 Ne8 32. Nc4 Bf6 33. Qa5 Qxa5 34.
Nxa5 Kf8 35. Nxb7 Ke7 36. Nd8 Ng7 37. Kc2 Ke8 38. Nc6 Kd7 39. Kc3 Ne8 40. Kb4
Nc7 41. Bxc7 Kxc7 42. Kxa4 1-0

[Event "VI Festival A"]
[Site "Trieste ITA"]
[Date "2004.09.04"]
[Round "1"]
[White "Punteri, Marco"]
[Black "Costariol, Elena"]
[Result "1-0"]
[WhiteElo "2051"]
[BlackElo "1554"]
[PlyCount "53"]
[EventDate "2004.09.04"]

1. d4 Nf6 2. c4 g6 3. Nc3 Bg7 4. e4 d6 5. f3 O-O 6. Be3 Nbd7 7. Qd2 c5 8. Nge2
b6 9. d5 Ne5 10. Ng3 Re8 11. Be2 e6 12. Bg5 a6 13. O-O Qc7 14. f4 Ned7 15. dxe6
Rxe6 16. f5 Re8 17. fxg6 fxg6 18. Nd5 Nxd5 19. Qxd5+ Kh8 20. Qxa8 Qb7 21. Qxb7
Bxb7 22. Rf7 Bc6 23. Raf1 Bxb2 24. Bg4 Ne5 25. Bf6+ Kg8 26. Rg7+ Kh8 27. Rxg6#
1-0

[Event "VI Festival A"]
[Site "Trieste ITA"]
[Date "2004.09.04"]
[Round "1"]
[White "Stantic, Severino"]
[Black "Tonel, Giulia"]
[Result "1-0"]
[WhiteElo "2100"]
[BlackElo "1670"]
[PlyCount "79"]
[EventDate "2004.09.04"]

1. b3 e5 2. c4 Nc6 3. Bb2 Bc5 4. e3 d6 5. a3 Qe7 6. Nc3 Bf5 7. d3 a6 8. Nge2
Bg6 9. Nd5 Qd7 10. Nec3 Nge7 11. b4 Ba7 12. Be2 O-O 13. O-O Nxd5 14. Nxd5 Nd8
15. Bg4 f5 16. Bh3 c6 17. Nc3 Qe7 18. d4 Ne6 19. dxe5 dxe5 20. g3 Rad8 21. Qb3
Ng5 22. Bg2 f4 23. exf4 exf4 24. gxf4 Rxf4 25. Rad1 Rdf8 26. c5+ Bf7 27. Qc2
Bc4 28. Rde1 Qc7 29. Ne2 Bxe2 30. Rxe2 Qf7 31. Rfe1 Qh5 32. Re7 R4f7 33. Qc3
Qh6 34. h4 Rxe7 35. Rxe7 Nf7 36. Re6 g6 37. Re7 Bb8 38. Qf6 Be5 39. Bxe5 Nxe5
40. Qxe5 1-0

[Event "VI Festival A"]
[Site "Trieste ITA"]
[Date "2004.09.04"]
[Round "1"]
[White "Varini, Massimo"]
[Black "Spinetti, Paolo"]
[Result "1-0"]
[WhiteElo "2061"]
[BlackElo "2162"]
[PlyCount "56"]
[EventDate "2004.09.04"]

1. e4 e6 2. d4 d5 3. e5 c5 4. Qg4 Nc6 5. c3 Qb6 6. Bd3 cxd4 7. Nf3 f5 8. Qg3
Bd7 9. O-O O-O-O 10. Re1 h6 11. h4 Nge7 12. h5 g5 13. hxg6 Rg8 14. Nh4 Be8 15.
Nd2 Bxg6 16. Qf3 Bg7 17. Qf4 Bh7 18. Nb3 dxc3 19. bxc3 Qc7 20. Nc5 Bxe5 21.
Qxh6 Bg6 22. Nxe6 Rh8 23. Nxc7 Rxh6 24. Bxh6 Bxc3 25. Nb5 Bxa1 26. Nxg6 a6 27.
Nxe7+ Nxe7 28. Rxa1 axb5 1-0

[Event "VI Festival A"]
[Site "Trieste ITA"]
[Date "2004.09.04"]
[Round "1"]
[White "Zorat, Paolo"]
[Black "Devetak, Robert"]
[Result "1-0"]
[WhiteElo "2000"]
[BlackElo "1488"]
[PlyCount "111"]
[EventDate "2004.09.04"]

1. d4 Nf6 2. c4 e6 3. Nf3 c5 4. d5 d6 5. Nc3 Be7 6. g3 O-O 7. Bg2 Nbd7 8. O-O
Nb6 9. Nd2 exd5 10. cxd5 Bg4 11. h3 Bf5 12. e4 Bg6 13. f4 h6 14. Qf3 Qc7 15.
Re1 Nbd7 16. Nc4 a6 17. a4 Nb6 18. Na3 Nfd7 19. Be3 Bf6 20. a5 Nc8 21. Nc4 Re8
22. Bf2 b5 23. axb6 Ncxb6 24. Na5 Nb8 25. Qd1 N6d7 26. Qa4 Kf8 27. Nc4 Nb6 28.
Qa5 Bd8 29. Qxb6 Qxb6 30. Nxb6 Bxb6 31. e5 dxe5 32. fxe5 Ra7 33. Na4 Rae7 34.
Nxb6 Rxe5 35. Bxc5+ Kg8 36. Rxe5 Rxe5 37. Bd6 Re8 38. Bxb8 Rxb8 39. Rxa6 Bd3
40. Ra8 Rxa8 41. Nxa8 f5 42. Kf2 Kf7 43. Ke3 Bb5 44. Nc7 Bd7 45. Kd4 Kf6 46. b4
g5 47. b5 f4 48. gxf4 gxf4 49. Ke4 f3 50. Bf1 Ke7 51. Ke5 Bc8 52. Ne6 h5 53. h4
Bd7 54. b6 Bc8 55. Nc5 f2 56. b7 1-0

[Event "VI Festival A"]
[Site "Trieste ITA"]
[Date "2004.09.05"]
[Round "2"]
[White "Arcion, Riccardo"]
[Black "Bednarich, Jan"]
[Result "0-1"]
[WhiteElo "1970"]
[BlackElo "2198"]
[PlyCount "120"]
[EventDate "2004.09.04"]

1. d4 d5 2. c4 c6 3. cxd5 cxd5 4. Nc3 e5 5. dxe5 d4 6. Nb1 Nc6 7. Nf3 f6 8.
exf6 Nxf6 9. g3 Bf5 10. Bg2 Qd7 11. O-O Bc5 12. Bf4 O-O 13. Nbd2 Rae8 14. Nc4
Bh3 15. Nce5 Nxe5 16. Nxe5 Rxe5 17. Bxe5 Bxg2 18. Bxf6 Bxf1 19. Bxg7 Bxe2 20.
Qxe2 d3 21. Qe5 Bxf2+ 22. Kg2 Qxg7 23. Qd5+ Qf7 24. Qxd3 Bb6 25. Rd1 Qf2+ 26.
Kh3 Qf5+ 27. Qxf5 Rxf5 28. Rd7 Rf7 29. Rd2 Rf2 30. Rd7 Rxb2 31. Rxb7 Rxa2 32.
g4 Rc2 33. Kh4 Rxh2+ 34. Kg5 Rf2 35. Kh5 Rf7 36. Rb8+ Kg7 37. g5 Bc7 38. Ra8
Bf4 39. Rd8 Be3 40. Rd6 Kf8 41. g6 hxg6+ 42. Kxg6 Bb6 43. Re6 Re7 44. Rd6 Ke8
45. Kf6 Rd7 46. Rc6 Kd8 47. Ke5 Rc7 48. Rh6 Kc8 49. Ke4 Kb7 50. Kd3 a5 51. Rh4
Ka6 52. Rc4 Rxc4 53. Kxc4 Kb7 54. Kb5 Kc7 55. Ka4 Kc6 56. Ka3 Kb5 57. Ka2 Kb4
58. Kb2 Bd4+ 59. Ka2 a4 60. Kb1 Kb3 0-1